Impuestos sobre la renta y el patrimonio (Registro nro. 5604)
[ vista simple ]
| 000 -LEADER | |
|---|---|
| fixed length control field | 00668 a2200229 4500 |
| 001 - CONTROL NUMBER | |
| control field | 54522 |
| 005 - DATE AND TIME OF LATEST TRANSACTION | |
| control field | 20260407155818.0 |
| 008 - FIXED-LENGTH DATA ELEMENTS--GENERAL INFORMATION | |
| fixed length control field | 260407a1990 arg spa d |
| 003 - CONTROL NUMBER IDENTIFIER | |
| control field | AR-UNSa-BCEJYS |
| 040 ## - CATALOGING SOURCE | |
| Original cataloging agency | AR-UNSa-BCEJYS |
| Language of cataloging | spa |
| Transcribing agency | AR-UNSa-BCEJYS |
| 080 ## - UNIVERSAL DECIMAL CLASSIFICATION NUMBER | |
| Universal Decimal Classification number | 336.22 |
| Common auxiliary subdivision | Impuestos |
| 020 ## - INTERNATIONAL STANDARD BOOK NUMBER | |
| International Standard Book Number | 950-9524-45-X |
| 100 1# - MAIN ENTRY--PERSONAL NAME | |
| Personal name | Chiarantano, Patricia M. |
| 245 10 - TITLE STATEMENT | |
| Title | Impuestos sobre la renta y el patrimonio |
| Name of part/section of a work | técnica y práctica |
| 264 #1 - PRODUCTION, PUBLICATION, DISTRIBUTION, MANUFACTURE, AND COPYRIGHT NOTICE | |
| Place of production, publication, distribution, manufacture | Buenos Aires : |
| Name of producer, publisher, distributor, manufacturer | Errepar |
| Date of production, publication, distribution, manufacture, or copyright notice | 1990 |
| 300 ## - PHYSICAL DESCRIPTION | |
| Extent | 615 p. |
| Dimensions | 21 cm. |
| 590 ## - LOCAL NOTE (RLIN) | |
| Local note | niveau_biblio:m niveau_hierar:0 |
| 700 1# - ADDED ENTRY--PERSONAL NAME | |
| Personal name | Condoleo, Roberto O. |
| 700 1# - ADDED ENTRY--PERSONAL NAME | |
| Personal name | Macías, Marcerlo D. |
| 700 1# - ADDED ENTRY--PERSONAL NAME | |
| Personal name | Turati, Emilio R. |
| 942 ## - ADDED ENTRY ELEMENTS (KOHA) | |
| Koha item type | |
| Withdrawn status | Lost status | Damaged status | Not for loan | Home library | Current library | Shelving location | Date acquired | Total checkouts | Full call number | Barcode | Date last seen | Price effective from | Koha item type |
|---|---|---|---|---|---|---|---|---|---|---|---|---|---|
| Biblioteca Prof. Eusebio Cleto del Rey | Biblioteca Prof. Eusebio Cleto del Rey | 07/04/2026 | 336.22 C532 | L53166 | 07/04/2026 | 07/04/2026 | Libro |